G M rubberinu pinnile sathyangal (Record no. 51690)

MARC details
000 -LEADER
fixed length control field 00282nam a2200121Ia 4500
100 ## - MAIN ENTRY--AUTHOR NAME
Personal name Jacob J
245 #0 - TITLE STATEMENT
Title G M rubberinu pinnile sathyangal
260 ## - PUBLICATION, DISTRIBUTION, ETC. (IMPRINT)
Name of publisher Karshakan
Year of publication 2011
300 ## - PHYSICAL DESCRIPTION
Number of Pages 11-Jun
650 ## - SUBJECT ADDED ENTRY--TOPICAL TERM
Topical Term G M rubber
942 ## - ADDED ENTRY ELEMENTS (KOHA)
Koha item type Bibliography STAF
Holdings
Withdrawn status Lost status Damaged status Not for loan Home library Current library Date acquired Serial Enumeration / chronology Koha item type
      Bibliography RRII Library RRII Library 18/05/2011 Volume 19, Issue 2 Bibliography STAF